Normal view MARC view

Entry Meeting Name

Number of records used in: 1

001 - CONTROL NUMBER

  • control field: 17274

003 - CONTROL NUMBER IDENTIFIER

  • control field: OSt

005 - DATE AND TIME OF LATEST TRANSACTION

  • control field: 20211105134138.0

008 - FIXED-LENGTH DATA ELEMENTS

  • fixed length control field: 211105|| aca||aabn | a|a d

040 ## - CATALOGING SOURCE

  • Original cataloging agency: OSt
  • Transcribing agency: OSt

111 ## - HEADING--MEETING NAME

  • Meeting name or jurisdiction name as entry element: NATO advanced study institute Conference
  • Location of meeting: Turkey
  • Date of meeting or treaty signing: 1989 Sept. 11-22

670 ## - SOURCE DATA FOUND

  • Source citation: Work cat.: (OSt): NATO advanced study institute Conference Turkey 1989 Sept. 11-22, Active close binaries, 1990

Powered by Koha